Click to Translate - Xhosa - Statistics

General Stats
  • This quiz has been taken 237 times
  • The average score is 8 of 20
Answer Stats
Hint Answer % Correct
People Abantu
57%
Car Imoto
52%
No Hayi
47%
Here Apha
46%
Thank you Enkosi
46%
Hello Molo
46%
Father Utata
45%
Week Iveki
43%
Sorry Uxolo
41%
House Indlu
39%
Shoes Izihlangu
39%
Tomorrow Ngomso
39%
Milk Ubisi
39%
Speak Thetha
38%
Music Umculo
38%
But Kodwa
34%
Hundred Ikhulu
33%
Nose Impumlo
33%
Why Ngoba
32%
June Isilimela
25%
No matching quizzes found
Score Distribution
Percent of People with Each Score
Percentile by Number Answered
Your Score History
You have not taken this quiz